header

The scroll and the marble (Record no. 88323)

MARC details
000 -LEADER
fixed length control field 01667nam a2200361 a 4500
100 1# - MAIN ENTRY--AUTHOR NAME
Personal name Bing, Peter.
245 14 - TITLE STATEMENT
Title The scroll and the marble
260 ## - PUBLICATION, DISTRIBUTION, ETC. (IMPRINT)
Place of publication Ann Arbor :
Name of publisher University of Michigan Press,
Year of publication c2009.
300 ## - PHYSICAL DESCRIPTION
Number of Pages xii, 304 p. :
Other physical details ill.
505 0# - FORMATTED CONTENTS NOTE
Formatted contents note pt. 1. Reader and voice in Callimachus and Hellenistic poetry -- pt. 2. Epigram and its audiences -- pt. 3. Inscription and bookroll in Posidippus.
650 #0 - SUBJECT ADDED ENTRY--TOPICAL TERM
Topical Term Greek poetry, Hellenistic
Topical Term Epigrams, Greek
856 40 - ELECTRONIC LOCATION AND ACCESS
Uniform Resource Identifier http://site.ebrary.com/lib/rucke/Doc?id=10395610

No items available.

© 2026 Rongo University
Contact us: librarian | system librarian | Rongo university